LIBRARY & INFORMATION CENTRE, KCAET, TAVANUR

ONLINE PUBLIC ACCESS CATALOGUE (OPAC)

Environmental Engieering Vol.1 | Water Supply Engineering (Record no. 19328)

MARC details
000 -LEADER
fixed length control field 00301nam a22001217a 4500
003 - CONTROL NUMBER IDENTIFIER
control field OSt
008 - FIXED-LENGTH DATA ELEMENTS--GENERAL INFORMATION
fixed length control field 250207b |||||||| |||| 00| 0 eng d
041 ## - LANGUAGE CODE
Language code of text/sound track or separate title eng
082 ## - DEWEY DECIMAL CLASSIFICATION NUMBER
Classification number 628.01
100 ## - MAIN ENTRY--AUTHOR NAME
Personal name Garg, SanthoshKumar
245 ## - TITLE STATEMENT
Title Environmental Engieering Vol.1
Remainder of title Water Supply Engineering
942 ## - ADDED ENTRY ELEMENTS (KOHA)
Koha item type Books
Holdings
Withdrawn status Lost status Damaged status Home library Current library Date acquired Full call number Accession Number Koha item type
      KAUAET KAUAET 07/02/2025 628.01 18472 Books
free website counter